[Event "Hoogovens"]
[Site "Wijk aan Zee"]
[Date "1989.??.??"]
[Round "?"]
[White "Tseshkovsky, Vitaly"]
[Black "Piket, Jeroen"]
[Result "0-1"]
[WhiteElo "2520"]
[BlackElo "2500"]

1.e4 c5 2.Nf3 d6 3.d4 cxd4 4.Nxd4 Nf6 5.Nc3 Nc6 6.Bg5 e6 7.Qd2 Be7 8.O-O-O O-O
9.f4 h6 10.Bh4 e5 11.Nf5 Bxf5 12.exf5 exf4 13.Kb1 d5 14.Bxf6 Bxf6 15.Nxd5 Be5
16.Bc4 b5 17.Bxb5 Rb8 18.c4 Nd4 19.f6 gxf6 20.g3 f3 21.Ba4 Qd6 22.Rhe1 Qa3
23.Re4 Qxa4 24.Rxd4 Rfe8 25.Rg4+ Kh7 26.Qd3+ Kh8 27.b3 Rxb3+ 28.Qxb3 Rb8
29.Qxb8+ Bxb8 30.Nc3 Qb4+ 31.Kc2 Be5 32.Rgd4 f2 33.R4d3 Qxc4  0-1

[Event "Hoogovens"]
[Site "Wijk aan Zee"]
[Date "1989.??.??"]
[Round "?"]
[White "Sokolov, Ivan"]
[Black "Ribli, Zoltan"]
[Result "1/2-1/2"]
[WhiteElo "2580"]
[BlackElo "2625"]

1.d4 d5 2.c4 c6 3.Nc3 Nf6 4.e3 e6 5.Nf3 Nbd7 6.Bd3 dxc4 7.Bxc4 b5 8.Bd3 Bb7
9.O-O a6 10.e4 c5 11.d5 c4 12.Bc2 Qc7 13.Qe2 Bd6  1/2-1/2

[Event "Hoogovens"]
[Site "Wijk aan Zee"]
[Date "1989.??.??"]
[Round "?"]
[White "Sokolov, Ivan"]
[Black "Nikolic, Predrag"]
[Result "1-0"]
[WhiteElo "2580"]
[BlackElo "2605"]

1.d4 d5 2.c4 c6 3.Nf3 Nf6 4.cxd5 cxd5 5.Nc3 Nc6 6.Bf4 Bf5 7.e3 e6 8.Bd3 Bxd3
9.Qxd3 Be7 10.h3 O-O 11.Rc1 Qb6 12.Qe2 Rfc8 13.O-O a6 14.Ne1 Ne4 15.Nd3 Qa5
16.a3 Qd8 17.Nxe4 dxe4 18.Nc5 Qd5 19.Nxb7 Nxd4 20.Rxc8+ Rxc8 21.Qxa6 Nb3
22.Na5 Ra8 23.Nc6 Rxa6 24.Nxe7+ Kf8 25.Nxd5 exd5 26.Rd1 Ra5 27.Be5 Kg8 28.Bc7 Rc5
29.Bd6 Ra5 30.Bb4 Rb5 31.f3 f5 32.fxe4 fxe4 33.Kf1 Kf7 34.Ke2 Ke6 35.Bc3 Rb7
36.Rf1 Kd6 37.Rf8 g6 38.Kd1 Kc5 39.Kc2 Na1+ 40.Kb1 Nb3 41.Bb4+ Kb6 42.Rc8 Rd7
43.Kc2 Na1+ 44.Kc3 Rf7 45.Bc5+ Kb5 46.Rf8  1-0

[Event "Hoogovens"]
[Site "Wijk aan Zee"]
[Date "1989.??.??"]
[Round "?"]
[White "Sokolov, Ivan"]
[Black "Miles, Anthony J"]
[Result "0-1"]
[WhiteElo "2580"]
[BlackElo "2520"]

1.d4 d6 2.e4 Nf6 3.Nc3 g6 4.Nf3 Bg7 5.h3 O-O 6.Be3 Nc6 7.Bc4 Nxe4 8.Bxf7+ Rxf7
9.Nxe4 d5 10.Nc5 e5 11.dxe5 Nxe5 12.Nxe5 Bxe5 13.O-O b6 14.Nd3 Bg7 15.Qd2 d4
16.Bf4 Bb7 17.Rfe1 Qd5 18.f3 Raf8 19.Re2 Ba6 20.Re4 Bb7 21.Be5 Rxf3 22.gxf3 Rxf3
23.Rae1 Re3 24.Nf2 Rxe1+ 25.Qxe1 Bxe5 26.Qe2 h5 27.b3 Bd6 28.Re8+ Kf7 29.Ne4 Be7
30.Rxe7+ Kxe7 31.Nc5+ Kd8 32.Nxb7+ Kc8 33.Qe8+ Kxb7 34.Qxg6 Qf3 35.h4 a5
36.a4 Qe2 37.Qg2+ Qxg2+ 38.Kxg2 c5 39.Kf3 b5 40.Ke4 Kc6 41.Ke5 b4  0-1

[Event "Hoogovens"]
[Site "Wijk aan Zee"]
[Date "1989.??.??"]
[Round "?"]
[White "Sax, Gyula"]
[Black "Tseshkovsky, Vitaly"]
[Result "1-0"]
[WhiteElo "2610"]
[BlackElo "2520"]

1.e4 e5 2.Nf3 Nc6 3.Bb5 a6 4.Ba4 Nf6 5.O-O Be7 6.Re1 b5 7.Bb3 O-O 8.c3 d6
9.h3 Na5 10.Bc2 c5 11.d4 cxd4 12.cxd4 Bb7 13.Nbd2 Rc8 14.d5 Qc7 15.Bd3 Nd7
16.Nf1 Nc5 17.b3 f5 18.exf5 Bxd5 19.Be2 Bxf3 20.Bxf3 Nc6 21.Ne3 Kh8 22.Nd5 Qd8
23.Be3 Bf6 24.Rc1 e4 25.Bxe4 Nxe4 26.Bb6 Nxf2 27.Bxd8 Nxd1 28.Bxf6 gxf6 29.Rexd1 Ne5
30.Rxc8 Rxc8 31.Nxf6 Nf7 32.Ne4 Kg7 33.Rd2 Rd8 34.Kf2 Kf8 35.Ke3 Ke7 36.Rc2 d5
37.Rc7+ Kf8 38.Nc5 d4+ 39.Kd2 Rd5 40.Ne6+ Ke8 41.f6  1-0

[Event "Hoogovens"]
[Site "Wijk aan Zee"]
[Date "1989.??.??"]
[Round "?"]
[White "Ribli, Zoltan"]
[Black "Piket, Jeroen"]
[Result "1-0"]
[WhiteElo "2625"]
[BlackElo "2500"]

1.d4 Nf6 2.c4 g6 3.Nf3 Bg7 4.g3 O-O 5.Bg2 d6 6.O-O Nbd7 7.Nc3 e5 8.h3 Re8
9.e4 exd4 10.Nxd4 Nc5 11.Re1 h6 12.Rb1 Bd7 13.b3 a6 14.Kh2 Re5 15.f3 b5 16.Bf4 Re8
17.Qd2 bxc4 18.Bxh6 cxb3 19.Bxg7 Kxg7 20.Nxb3 Nxb3 21.axb3 Be6 22.Ne2 Rb8
23.Qc3 Rb5 24.Nd4 Rc5 25.Qd2 a5 26.Ra1 c6 27.Rec1 Rxc1 28.Rxc1 c5 29.Nxe6+ Rxe6
30.Rxc5 Qb6 31.Rxa5 Qxb3 32.Qd4 Qc2 33.Ra7 Qc1 34.Rb7 Qa3 35.Qc4 Kg8 36.Qc7  1-0

[Event "Hoogovens"]
[Site "Wijk aan Zee"]
[Date "1989.??.??"]
[Round "?"]
[White "Sax, Gyula"]
[Black "Douven, Rudy C"]
[Result "1/2-1/2"]
[WhiteElo "2610"]
[BlackElo "2445"]

1.e4 c6 2.d4 d5 3.Nc3 dxe4 4.Nxe4 Bf5 5.Ng3 Bg6 6.h4 h6 7.f4 e6 8.h5 Bh7
9.Nf3 Nd7 10.Bd3 Bxd3 11.Qxd3 Qc7 12.Qe2 Ngf6 13.Bd2 c5 14.O-O-O Bd6 15.Nf5 O-O
16.Nxd6 Qxd6 17.dxc5 Qxc5 18.Ne5 Nxe5 19.fxe5 Nd5 20.Rh4  1/2-1/2

[Event "Hoogovens"]
[Site "Wijk aan Zee"]
[Date "1989.??.??"]
[Round "?"]
[White "Ribli, Zoltan"]
[Black "Benjamin, Joel"]
[Result "1/2-1/2"]
[WhiteElo "2625"]
[BlackElo "2545"]

1.Nf3 c5 2.c4 Nc6 3.Nc3 Nd4 4.e3 Nxf3+ 5.Qxf3 g6 6.b3 Bg7 7.Bb2 d6 8.g3 Nh6
9.Bg2 Rb8 10.Qd1 Nf5 11.Qc2 O-O 12.O-O a6 13.a4 Bd7 14.Nd5 e6 15.Bxg7 Nxg7
16.Nf4 Nf5 17.Qc3 Bc6 18.b4 Bxg2 19.Kxg2 cxb4 20.Qxb4 Ne7 21.Rfc1 d5 22.d4 Nc6
23.Qc3 dxc4 24.Qxc4 Qd6 25.Rab1 Rfc8 26.Rb6 Qd8 27.Rcb1 Na7 28.Qb3 Nb5 29.Rxe6 Nc3
30.Rb6 Nxb1 31.Qxb1 Qd7 32.a5 Rc6 33.Rb4 g5 34.Nd3 Rh6 35.h4 Qd5+ 36.f3 gxh4
37.Nf4 Qxa5 38.g4 Rc8 39.Kh3 Qa3 40.Rb3 Rc1 41.Qf5 Rh1+ 42.Kg2 Qc1 43.Qg5+ Kh8
44.Qd8+ Kg7 45.Qg5+ Kh8  1/2-1/2

[Event "Hoogovens"]
[Site "Wijk aan Zee"]
[Date "1989.??.??"]
[Round "?"]
[White "Ribli, Zoltan"]
[Black "Nikolic, Predrag"]
[Result "1/2-1/2"]
[WhiteElo "2625"]
[BlackElo "2605"]

1.Nf3 Nf6 2.c4 e6 3.Nc3 Bb4 4.g3 O-O 5.Bg2 d5 6.a3 Be7 7.d4 Nbd7 8.Qd3 c6
9.O-O b6 10.e4 Ba6 11.b3 c5 12.exd5 exd5 13.Rd1 Rc8 14.Nb5 Bxb5 15.cxb5 Ne4
16.Be3 Bf6 17.Rac1 Qe7 18.a4 Qe6 19.dxc5 Ndxc5 20.Bxc5 Nxc5 21.Qxd5 Nxb3
22.Rxc8 Rxc8 23.Qb7 Nc5 24.Qxa7 Qb3 25.Re1 Nxa4 26.Qd7  1/2-1/2